ბათუმის შოთა რუსთაველის სახელმწიფო უნივერსიტეტის ბიბლიოთეკა

საქართველოს ბიუჯეტური სისტემის ფორმირებისა და ფუნქციონირების თავისებურებები გარდამავალ პერიოდში : (ბიბ.ჩანაწერი № 63475)

000 -ლიდერი
ფიქსირებული სიგრძის საკონტროლო ველი 01056nam a22002057a 4500
003 - საკონტროლო ნომრის იდენტიფიკატორი
საკონტროლო ველი Ge_BSU
005 - ბოლო ოპერაციის თარიღი და დრო
საკონტროლო ველი 20251016194213.0
008 - ფიქსირებული სიგრძის მონაცემთა ელემენტები - ზოგადი ინფორმაცია
ფიქსირებული სიგრძის საკონტროლო ველი 251016s2006 ge ||||| |||| 00| 0 geo d
020 ## - წიგნის საერთაშორისო სტანდარტული ნომერი
International Standard Book Number 999280900X
041 ## - ენის კოდი
Language code of text/sound track or separate title geo
080 ## - უნივერსალური ათობითი კლასიფიკაციის ინდექსი
Universal Decimal Classification number 336.02](479.22) ა-27
100 ## - მთავარი ჩანაწერი - პიროვნების სახელი
Personal name აბუსელიძე, გიორგი
9 (RLIN) 3844
245 ## - ცნობა სათაურის შესახებ
Title საქართველოს ბიუჯეტური სისტემის ფორმირებისა და ფუნქციონირების თავისებურებები გარდამავალ პერიოდში :
Statement of responsibility, etc გ. აბუსელიძე; მეცნ.-რედ. შ. ქისტაური.
264 ## - წარმოების, გამოცემის, დისტრიბუციის და სხვა ცნობები
გამოცემის, წარმოების, დისტრიბუციის... ადგილი თბ.,
გამოცემის, წარმოების, დისტრიბუციის... თარიღი 2005.
300 ## - ფიზიკური აღწერა
Extent 176 გვ.
Other physical details 20 სმ.
504 ## - BIBLIOGRAPHY, ETC. NOTE
Bibliography, etc ბიბლიოგრ. გვ.163-174
653 ## - INDEX TERM--UNCONTROLLED
Uncontrolled term საქართველოს ბიუჯეტური სისტემა
700 ## - ADDED ENTRY--PERSONAL NAME
Personal name ქისტაური, შ.
Relator term მეცნ.-რედაქტორი
9 (RLIN) 26041
942 ## - ADDED ENTRY ELEMENTS (KOHA)
Source of classification or shelving scheme
Koha item type წიგნი
ეგზემპლარები
ჩამოწერის სტატუსი დაკარგული ეგზემპლარის სტატუსი კლასიფიკაციის წყარო ან თაროზე გაწყობის სქემა დაზიანების სტატუსი არ გაიცემა მუდმივი მდებარეობა (დაცვის ადგილი) ამჟამინდელი ადგილსამყოფელი თაროზე განთავსების ადგილი შეძენის თარიღი ღირებულება, შესყიდვის ნორმალური ფასი სრული შენახვის შიფრი შტრიხკოდი ბოლო ოპერაციის თარიღი ეგზემპლარის მიმდევრობითი ნომერი (კეტერი?) ფასის ძალაში შესვლის თარიღი ეგზემპლარის სახეობა საჯარო შენიშვნა
          ბათუმის შოთა რუსთაველის სახელმწიფო უნივერსიტეტის მთავარი ბიბლიოთეკა ბათუმის შოთა რუსთაველის სახელმწიფო უნივერსიტეტის მთავარი ბიბლიოთეკა წიგნსაცავი 2025-10-16 8.00 336.02](479.22) ა-27 72691 2025-10-16 72691 2025-10-16 წიგნი 8 ლ.